'Body Part' Word Bash Quiz Stats

Quiz Updated Dec 4, 2012

Challenge
Share
Tweet
Embed
Score 0/63 Timer 10:00
35 Plays Today
% Correct
Shoulders
95%
Head
89.4%
Head
89.3%
Leg
86.7%
Arm
86.4%
Bones
85%
Knees
84.9%
Head
84.7%
Eye
82.7%
Hands
82.6%
Eye
82.3%
Butt
82.3%
Back
82.2%
Ribs
82%
Face
82%
Heart
80.8%
Neck
80.7%
Eyes
80.5%
Face
80.3%
Heels
79.9%
Skin
79.8%
Foot
79.8%
Butt
79.7%
Hand
79.3%
Neck
79.2%
Stomach
79.1%
Back
78.7%
Back
78.2%
Heart
78.2%
Mouth
77.1%
Hand
76.8%
Tongue
76.6%
% Correct
Rib
75.5%
Skin
75.3%
Head
75.1%
Back
75%
Eye
74.4%
Tooth
74.3%
Nail
74.2%
Eye
74.2%
Cheek
74%
Hand
73.9%
Throat
72%
Cheek
72%
Hand
71%
Mouth
71%
Heart
70.7%
Lung
69.7%
Brain
68.6%
Cheek
68.5%
Toe
68.3%
Teeth
68%
Ear
67.9%
Tooth
67.2%
Pinky
67.2%
Nose
67.2%
Heel
65.8%
Palm
63.8%
Arms
60.5%
Thumb
59.9%
Nose
57.6%
Face
57.4%
Eye
56.4%

You're not logged in!

Compare scores with friends on all Sporcle quizzes.
Sign Up with Email
OR
Log In

You Might Also Like...

Show Comments

Extras

Top Quizzes Today


Score Distribution

Your Account Isn't Verified!

In order to create a playlist on Sporcle, you need to verify the email address you used during registration. Go to your Sporcle Settings to finish the process.